| 000 | 00416nam a2200145Ia 4500 | ||
|---|---|---|---|
| 008 | 220217s9999||||xx |||||||||||||| ||und|| | ||
| 020 | _a9786070666986 | ||
| 082 | _a658.84 LEV | ||
| 100 | _aLevi, David Simchi and others | ||
| 245 | 0 | _aDesign and managing the supply chain | |
| 250 | _a3rd | ||
| 260 |
_aTata mcgraw hill company Ltd _bNew Delhi _c2011 |
||
| 300 |
_aXXIX, 531p. _b525 |
||
| 650 | _aMANAGEMENT | ||
| 999 |
_c183931 _d183931 |
||